000 00657nmm a2200217Ia 4500
008 251105s9999||||xx |||||||||||||||||und||
020 _a9788498950441
041 _aspa
100 _aCourtoisie, Rafael
245 0 _aLa Poesía del siglo XX en Uruguay :
_b Antología Esencial
264 _a[Madrid, España] :
_bVisor Libros,
_c2011
300 _a461 páginas
490 _aLa estafeta del viento
650 _aLatin American poetry
700 _aCourtoisie, Rafael
700 1 _a Courtoisie, Rafael
700 1 _a Courtoisie, Rafael
700 1 _a Courtoisie, Rafael
856 _uhttps://public.digitaliapublishing.com/a/27835
942 _cCF
999 _c64295
_d64295